Library of the University of Algiers 3
Ibrahim Sultan Cheibout
شعار جامعة الجزائر 3
مكتبة جامعة الجزائر 3
إبراهيم سلطان شيبوط

مبادئ محاسبة التكاليف (ك4) / (رقم التسجيلة. 46361)

تفاصيل مارك
000 -LEADER
fixed length control field 01403nam a2200217Ia 4500
003 - CONTROL NUMBER IDENTIFIER
control field Ost
005 - DATE AND TIME OF LATEST TRANSACTION
control field 20260507075804.0
008 - FIXED-LENGTH DATA ELEMENTS--GENERAL INFORMATION
fixed length control field 260507s9999||||xx |||||||||||||| ||und||
040 ## - CATALOGING SOURCE
Transcribing agency fsecg
041 ## - LANGUAGE CODE
Language code of text/sound track or separate title ara
082 ## - DEWEY DECIMAL CLASSIFICATION NUMBER
Classification number 657.42
100 ## - MAIN ENTRY--PERSONAL NAME
Personal name الطحان;فراج، ثناء عطية، محمد ابو العلا
Relator term مؤلف
245 #0 - TITLE STATEMENT
Title مبادئ محاسبة التكاليف (ك4) /
Statement of responsibility, etc. الطحان
260 ## - PUBLICATION, DISTRIBUTION, ETC.
Place of publication, distribution, etc. القاهرة :
Name of publisher, distributor, etc. مطبعة مركز التعليم المفتوح,
Date of publication, distribution, etc. 1998
300 ## - PHYSICAL DESCRIPTION
Extent 248 صفحة؛
Other physical details إيضاحات ؛
Dimensions 24 سم
520 ## - SUMMARY, ETC.
Summary, etc. نظام التكاليف - المفهوم و الأهداف ، مقومات نظام التكاليف و العوامل المؤثرة في تصميمه ،المحاسبة عن تكلفة المستلزمات السلعية الواردة ، المحاسبة على تكلفة المستلزمات السلعية المنصرفة ، المحاسبة عن تكلفة العمل ، تحليل عنصر تكلفة العمل ، المحاسبة عن التكايف غير المباشرة و أسس توزيعها ، طرق توزيع تكاليف مراكز الخدمات الانتاجية على المراكز المستفيدة ، معجلات تحميل التكاليف غير المباشرة .
653 ## - INDEX TERM--UNCONTROLLED
Uncontrolled term الاجور
653 ## - INDEX TERM--UNCONTROLLED
Uncontrolled term التكاليف
653 ## - INDEX TERM--UNCONTROLLED
Uncontrolled term المحاسبة المالية
942 ## - ADDED ENTRY ELEMENTS (KOHA)
Koha item type كتب
المقتنيات
Withdrawn status Lost status Source of classification or shelving scheme Damaged status Not for loan Home library Current library Date acquired Serial enumeration / chronology Inventory number Total checkouts Full call number Barcode Date last seen Price effective from Koha item type
    Library of Congress Classification   NOT LOAN / إعارة داخلية مكتبة كلية العلوم الإقتصادية والعلوم التجارية وعلوم التسيير مكتبة كلية العلوم الإقتصادية والعلوم التجارية وعلوم التسيير 07/05/2026 الطابق الأرضي 1649/4/1   أ/1649ك4ن1 1649/4/1 07/05/2026 07/05/2026 كتب
    Dewey Decimal Classification   Available مكتبة كلية العلوم الإقتصادية والعلوم التجارية وعلوم التسيير مكتبة كلية العلوم الإقتصادية والعلوم التجارية وعلوم التسيير 07/05/2026 الطابق الثاني 1649/4/2   أ/1649ك4ن2 1649/4/2 07/05/2026 07/05/2026 كتب

موارد الويب المفتوحة


© University of Algiers 3 All Rights Reserved
|
Implemented by LECHELAH Riad